| 000 | 00455nam a2200181Ia 4500 | ||
|---|---|---|---|
| 008 | 180207s9999 xx 000 0 und d | ||
| 020 | _a590494899 | ||
| 050 | _bL863 1993 | ||
| 100 | _aLoomis, Christine | ||
| 245 | _aAt the library / | ||
| 245 | _cChristine Loomis ; illustrated by Nancy Poydar. | ||
| 260 | _aNew York : | ||
| 260 | _bScholastic, | ||
| 260 | _c1993 | ||
| 300 | _aunpaged : | ||
| 300 | _bcolor illustration ; | ||
| 300 | _c26cm. | ||
| 999 |
_c355360 _d355360 |
||